00458nam a2200157Ia 450000500170000000800410001708200130005810000140007124500250008526000390011030000130014965000180016294200060018095200990018699900150028520250313130147.0240331s9999 xx 000 0 und d bDANa894 aDaniel, K 0aDaniel sirukathaikal aChennaibAlaikkal Publishersc1995 a239 p ., aShort Stories cL 001040708LaWERCLbWERCLcSSCd2024-03-31l0o 894.811 DANp2144r2024-03-31w2024-03-31yL c3979d3979